Use your dictionary : (Record no. 175686)
[ view plain ]
| 000 -LEADER | |
|---|---|
| fixed length control field | 00968 a2200193 4500 |
| 003 - CONTROL NUMBER IDENTIFIER | |
| control field | Nust |
| 005 - DATE AND TIME OF LATEST TRANSACTION | |
| control field | 20170207152509.0 |
| 010 ## - LIBRARY OF CONGRESS CONTROL NUMBER | |
| LC control number | 80502717 |
| 020 ## - INTERNATIONAL STANDARD BOOK NUMBER | |
| International Standard Book Number | 019431104X (pbk.) |
| 040 ## - CATALOGING SOURCE | |
| Transcribing agency | Nust |
| 082 00 - DEWEY DECIMAL CLASSIFICATION NUMBER | |
| Classification number | 423 |
| 100 1# - MAIN ENTRY--PERSONAL NAME | |
| Personal name | Underhill, Adrian. |
| 245 10 - TITLE STATEMENT | |
| Title | Use your dictionary : |
| Remainder of title | a practice book for users of Oxford advanced learner's dictionary of current English and Oxford student's dictionary of current English / |
| Statement of responsibility, etc. | Adrian Underhill. |
| 260 ## - PUBLICATION, DISTRIBUTION, ETC. | |
| Place of publication, distribution, etc. | Oxford ; |
| -- | New York : |
| Name of publisher, distributor, etc. | Oxford University Press, |
| Date of publication, distribution, etc. | 1980. |
| 300 ## - PHYSICAL DESCRIPTION | |
| Extent | 56 p. : |
| Other physical details | ill. ; |
| Dimensions | 30 cm. |
| 505 ## - FORMATTED CONTENTS NOTE | |
| Formatted contents note | Introduction,5. The Dictionary Entery,7.Chapter.2.The Dictionary and Writing,13.Chapter.3.The Dictionary and Speaking,16.Chapter.4The Dictionary and Grammer,26.Chapter.5.The Meanings of Words and Phrases,32.Chapter.6.Futher Suggestions for the student,48.Chapter.7.Futher Suggestions for the Teacher |
| 538 ## - SYSTEM DETAILS NOTE | |
| System details note | Almirah No.23 Shelf No.1 |
| 650 #0 - SUBJECT ADDED ENTRY--TOPICAL TERM | |
| Topical term or geographic name entry element | English language |
| General subdivision | Dictionaries |
| -- | Problems, exercises, etc. |
| 942 ## - ADDED ENTRY ELEMENTS (KOHA) | |
| Koha item type | Reference |
| Withdrawn status | Lost status | Source of classification or shelving scheme | Damaged status | Not for loan | Collection code | Permanent Location | Current Location | Date acquired | Total Checkouts | Full call number | Barcode | Date last seen | Price effective from | Koha item type |
|---|---|---|---|---|---|---|---|---|---|---|---|---|---|---|
| Military College of Signals (MCS) | Military College of Signals (MCS) | 12/12/2016 | 423 UND | MCS27948 | 12/08/2016 | 12/12/2016 | Book | |||||||
| Military College of Signals (MCS) | Military College of Signals (MCS) | 12/12/2016 | 423 UND | MCS36734 | 12/08/2016 | 12/12/2016 | Book |
